<?xml version="1.0" encoding="UTF-8"?><?xml-stylesheet type="text/xsl" href="static/style.xsl"?><OAI-PMH xmlns="http://www.openarchives.org/OAI/2.0/" xmlns:xsi="http://www.w3.org/2001/XMLSchema-instance" xsi:schemaLocation="http://www.openarchives.org/OAI/2.0/ http://www.openarchives.org/OAI/2.0/OAI-PMH.xsd"><responseDate>2026-04-17T05:56:00Z</responseDate><request verb="GetRecord" identifier="oai:www.recercat.cat:2117/121552" metadataPrefix="marc">https://recercat.cat/oai/request</request><GetRecord><record><header><identifier>oai:recercat.cat:2117/121552</identifier><datestamp>2025-07-16T23:02:29Z</datestamp><setSpec>com_2072_1033</setSpec><setSpec>col_2072_452949</setSpec></header><metadata><record xmlns="http://www.loc.gov/MARC21/slim" xmlns:dcterms="http://purl.org/dc/terms/" xmlns:xsi="http://www.w3.org/2001/XMLSchema-instance" xmlns:doc="http://www.lyncode.com/xoai" xsi:schemaLocation="http://www.loc.gov/MARC21/slim http://www.loc.gov/standards/marcxml/schema/MARC21slim.xsd">
   <leader>00925njm 22002777a 4500</leader>
   <datafield ind2=" " ind1=" " tag="042">
      <subfield code="a">dc</subfield>
   </datafield>
   <datafield ind2=" " ind1=" " tag="720">
      <subfield code="a">Maleki, Bahareh</subfield>
      <subfield code="e">author</subfield>
   </datafield>
   <datafield ind2=" " ind1=" " tag="260">
      <subfield code="c">2017</subfield>
   </datafield>
   <datafield ind2=" " ind1=" " tag="520">
      <subfield code="a">The subject of housing has always been one of the important subjects of human societies and given historical, social, climatic and technological facilities and conditions it has resulted in the creation of various patterns and methods of habitation. Housing is the foundation of cultural and economic vitality and it is a significant factor in the life quality. With the emergence of industrial revolution in 18th and 19th centuries and technological development, such inventions and factors as industrial development, population growth and urbanization as well as the increase of modern architectural technologies and construction industry evolved and as a result, the methods of habitation and architectural methods gained a new form. Following these evolutions, cities grew faster and the need to consider vertical development of cities and societies paved the ground for the evolution and development of residential towers in contemporary forms. Moreover, in 20th century, such factors as the necessity of more land use, people’s demand for living and work in city centers, etc. necessitated the construction of high buildings in big cities more than ever. The concept of sustainable development is an important change in understanding the relationship between human being and environment and humans with each other, the aspect of sustainable social development has not received much attention. Social sustainability involves the way the people, societies and communities live together, achieve development goals (selected for themselves) and understand the Physical borders and their territory as an integrated whole. Based on this definition, social sustainability combines political and social principles such as justice and health to the subjects related to participation, requirement, social capital, economy, environment and recently the concept of happiness, welfare and life quality. One of important issues in residential high buildings is social sustainability. Social behavior and interactions of residents in these places are under the influence of different factors. In designing mass complexes such as residential towers, division of private and public spaces and providing security in private space of residents is an important point. Designing high – rise buildings where there are many families with different cultures in a collective territory is a difficult job, because the architect must consider the architecture proportional to the living condition of different groups, so that social sustainability is implemented in the residential environment. The main concern of this study is emphasis on the aspect of social sustainability and studying it in residential towers. Based on what said above, the present study tries to investigate the aspects of social sustainability development and its impact in residential towers. In this paper, various aspects of sustainable development with social approach in design of residential buildings will be discussed. The research method is a descriptive analysis using library resources. Designing a residential tower is to establish a strong link between residents and natural environment which this link caused by trying to find identity or in other meaning sense of belonging to a place.</subfield>
   </datafield>
   <datafield tag="653" ind2=" " ind1=" ">
      <subfield code="a">Àrees temàtiques de la UPC::Desenvolupament humà i sostenible::Aspectes socials</subfield>
   </datafield>
   <datafield tag="653" ind2=" " ind1=" ">
      <subfield code="a">Àrees temàtiques de la UPC::Urbanisme</subfield>
   </datafield>
   <datafield tag="653" ind2=" " ind1=" ">
      <subfield code="a">Sustainable development</subfield>
   </datafield>
   <datafield tag="653" ind2=" " ind1=" ">
      <subfield code="a">Dwellings--Social aspects</subfield>
   </datafield>
   <datafield tag="653" ind2=" " ind1=" ">
      <subfield code="a">City planning</subfield>
   </datafield>
   <datafield tag="653" ind2=" " ind1=" ">
      <subfield code="a">Towers</subfield>
   </datafield>
   <datafield tag="653" ind2=" " ind1=" ">
      <subfield code="a">Habitation</subfield>
   </datafield>
   <datafield tag="653" ind2=" " ind1=" ">
      <subfield code="a">Sustainable development</subfield>
   </datafield>
   <datafield tag="653" ind2=" " ind1=" ">
      <subfield code="a">Social sustainability</subfield>
   </datafield>
   <datafield tag="653" ind2=" " ind1=" ">
      <subfield code="a">Residential towers</subfield>
   </datafield>
   <datafield tag="653" ind2=" " ind1=" ">
      <subfield code="a">Desenvolupament sostenible</subfield>
   </datafield>
   <datafield tag="653" ind2=" " ind1=" ">
      <subfield code="a">Habitatges -- Aspectes socials</subfield>
   </datafield>
   <datafield tag="653" ind2=" " ind1=" ">
      <subfield code="a">Urbanisme</subfield>
   </datafield>
   <datafield tag="653" ind2=" " ind1=" ">
      <subfield code="a">Torres</subfield>
   </datafield>
   <datafield ind2="0" ind1="0" tag="245">
      <subfield code="a">Residential towers design with an emphasis on social sustainability criteria</subfield>
   </datafield>
</record></metadata></record></GetRecord></OAI-PMH>